banner-ar

جزيرة الزمالك : (Record no. 66058)

MARC details
000 -الفاتح
حقل البيانات ثابتة الطول 01019nam a22002657a 4500
005 - وقت وتاريخ اخر تعامل مع التسجيلة
رقم الضبط 20240530110857.0
008 - عناصر البيانات ثابتة الطول - معلومات عامة
حقل البيانات ثابتة الطول 150216s2020 ua obf a b 000 0 ara d
017 ## - رقم الايداع القانونى
رقم الايداع القانونى 2020/9367
المصدر ( الهيئة المختصة) مصر . دار الكتب المصرية
020 ## - الرقم الدولى المعيارى للكتب
الرقم الدولى المعيارى للكتاب 9789779217413
040 ## - مصدر الفهرسة
وكالة الفهرسة الأصلية EG-CaGPL
041 0# - رمز اللغة
رمز لغة النص/ المسارات الصوتية أو العنوان الانفرادي ara
082 04 - رقم تصنيف ديوى العشرى
رقم الطبعة 21
رقم التصنيف 962.16
رقم المادة ق/ج ج
110 0# - المدخل الرئيسى - إسم هيئة
اسم الهيئة أو اسم السلطة كمدخل الجهاز القومى للتنسيق الحضارى
245 10 - بيان العنوان
العنوان جزيرة الزمالك :
بقية العنوان القيمة والتراث /
بيان المسئوليه,etc الجهاز القومى للتنسيق الحضارى
250 ## - بيان الطبعة
بيان الطبعة ط1
260 ## - PUBLICATION, DISTRIBUTION, ETC. (IMPRINT)
تاريخ النشر أو التوزيع 2021
300 ## - الوصف المادى
التعداد 125 ص :
تفاصيل ماديه اخرى للوعاء ايض ؛
أبعاد الوعاء 24 سم
490 0# - بيان السلسلة
عنوان السلسلة سلسلة ذاكرة المدينة
650 04 - المدخل الاضافى بالموضوع-مصطلح موضوعى
مصطلح موضوعي المدن المصرية
651 04 - المدخل الاضافى بالموضوع - اسم جغرافى
الاسم الجغرافي جزيرة الزمالك
التقسيم الفرعي العام تاريخ
651 04 - المدخل الاضافى بالموضوع - اسم جغرافى
الاسم الجغرافي جزيرة الزمالك
التقسيم الفرعي العام خرائط
651 04 - المدخل الاضافى بالموضوع - اسم جغرافى
الاسم الجغرافي جزيرة الزمالك
التقسيم الفرعي العام اثار
942 ## - عناصر المدخل الإضافي( كوها)
مصدر التصنيف او مخطط الترفيف Dewey Decimal Classification
Koha [default] item type كتاب
260 ## - PUBLICATION, DISTRIBUTION, ETC. (IMPRINT)
-- القاهرة :
-- الجهاز القومى للتنسيق الحضارى ،
Holdings
حالة التراجع حالة الفقد حالة تلف ليس للاعارة المكان المؤقت الموقع الحالى موقع الترفيف تاريخ الاكتساب اجمالي اﻻعارات رقم الطلب الباركود تاريخ اخر مشاهدة تاريخ تفعيل السعر نوع وعاء كوها
        مكتبة القاهرة الكبرى مكتبة القاهرة الكبرى   12/08/2021   962.16 ق/ج ج 167216 12/08/2021 12/08/2021 كتاب

Powered By

EGPV